| 000 | 00628nam a2200181 i 4500 | ||
|---|---|---|---|
| 001 | 49575 | ||
| 003 | ES-MaACL | ||
| 005 | 20230906162021.0 | ||
| 007 | t| | ||
| 008 | 030718m18501855po ||||1| por d | ||
| 100 | 1 |
_aCosta e Silva, José María. _941093 |
|
| 245 | 1 | 0 |
_aEnsaio biographico-critico sobre os melhores poetas portuguezes / _cpor José María Costa e Silva. |
| 260 |
_aLisboa : _b[s.n.], _c1850-1855 ( _fImprensa silviana) |
||
| 300 |
_a10 t. en 5 v. ; _c20 cm. |
||
| 650 | 4 |
_aPoesía portuguesa- _xHistoria y crítica. _9163186 |
|
| 650 | 4 |
_aPoetas portugueses- _xBiografías. _9163187 |
|
| 852 |
_aES-MaACL _jB-4010-14 |
||
| 999 |
_c49575 _d49575 |
||